[Event "Cheliabinsk Panchenko Memorial op"]
[Site "Cheliabinsk"]
[Date "2019.09.13"]
[Round "5"]
[White "Mischuk, Dmitry"]
[Black "Polosin, Evgeni"]
[Result "1-0"]
[WhiteElo "2372"]
[BlackElo "2159"]
[PlyCount "95"]
[EventDate "2019.09.09"]
[EventType "swiss"]
[EventRounds "9"]
[EventCountry "RUS"]
[SourceTitle "EXT 2020"]
[Source "ChessBase"]
[SourceDate "2019.10.17"]
[SourceVersion "1"]
[SourceVersionDate "2019.10.17"]
[SourceQuality "1"]

1. c4 e5 2. Nc3 Nf6 3. Nf3 Nc6 4. e4 Bb4 5. d3 0-0 6. Be2 d6 7. a3 Bxc3+ 8. bxc3 Ne7 9. 0-0 Ng6 10. Ne1 c6 11. f4 exf4 12. Bxf4 Nxf4 13. Rxf4 Qe7 14. Nf3 h6 15. Qf1 d5 16. e5 Ng4 17. cxd5 cxd5 18. Nd4 Nxe5 19. Re1 Ng6 20. Bh5 Qxe1 21. Qxe1 Nxf4 22. Bf3 Nxd3 23. Qe3 Nc5 24. Nb5 Ne6 25. Bxd5 Bd7 26. Nd6 Bc6 27. c4 Rad8 28. Qe5 Rd7 29. Nf5 Rfd8 30. h4 Kf8 31. Bxe6 fxe6 32. Nxg7 Kg8 33. Nxe6 Re8 34. Qf5 Rh7 35. Qg6+ Kh8 36. h5 a6 37. Qf6+ Kg8 38. Kh2 Bd7 39. Nf4 Rf8 40. Qg6+ Rg7 41. Qxh6 Rf5 42. Qd6 Bc6 43. g4 Rfg5 44. h6 Rd7 45. Qe6+ Kh7 46. Kg3 Rd1 47. Qf7+ Kxh6 48. Qf6+ 1-0

[Event "Cheliabinsk Panchenko Memorial op"]
[Site "Cheliabinsk"]
[Date "2019.09.10"]
[Round "2"]
[White "Polosin, Evgeni"]
[Black "Babkov, Timofey"]
[Result "1-0"]
[WhiteElo "2159"]
[BlackElo "1663"]
[PlyCount "57"]
[EventDate "2019.09.09"]
[EventType "swiss"]
[EventRounds "9"]
[EventCountry "RUS"]
[SourceTitle "EXT 2020"]
[Source "ChessBase"]
[SourceDate "2019.10.17"]
[SourceVersion "1"]
[SourceVersionDate "2019.10.17"]
[SourceQuality "1"]

1. c4 e5 2. Nc3 Nf6 3. Nf3 Nc6 4. e4 Bc5 5. Be2 d6 6. 0-0 0-0 7. d3 Bg4 8. Be3 Bxf3 9. Bxf3 Bd4 10. Rb1 Re8 11. Bg5 h6 12. Bh4 Bb6 13. Qd2 Kh7 14. Bd1 Nd4 15. Kh1 Ne6 16. b4 c6 17. Bg3 g5 18. f3 Nh5 19. Be1 Nhg7 20. Bb3 f5 21. exf5 Nxf5 22. Ne4 Kg7 23. c5 Bc7 24. cxd6 Nxd6 25. Ng3 Nf4 26. d4 Nb5 27. Nf5+ Kh7 28. Qc2 Ng6 29. Bf7 1-0

[Event "Eurasia Cup op"]
[Site "Ekaterinburg"]
[Date "2019.08.08"]
[Round "8"]
[White "Polosin, Evgeni"]
[Black "Dilmukhametov, Artur"]
[Result "1-0"]
[WhiteElo "2153"]
[BlackElo "2346"]
[PlyCount "89"]
[EventDate "2019.07.31"]
[EventType "swiss"]
[EventRounds "9"]
[EventCountry "RUS"]
[SourceTitle "CBM 191 Extra"]
[Source "ChessBase"]
[SourceDate "2019.09.30"]
[SourceVersion "1"]
[SourceVersionDate "2019.09.30"]
[SourceQuality "1"]

1. e4 e6 2. d4 d5 3. Nd2 Nf6 4. Bd3 c5 5. e5 Nfd7 6. c3 Nc6 7. Ne2 cxd4 8. cxd4 f6 9. exf6 Nxf6 10. Nf3 Bd6 11. 0-0 0-0 12. Ng3 Bd7 13. a3 a5 14. Bc2 Qb6 15. Bg5 Ne7 16. Ne5 Bb5 17. Re1 a4 18. Nh5 Bxe5 19. Rxe5 Ng6 20. Bxf6 gxf6 21. Bxg6 hxg6 22. Qg4 Kf7 23. Nf4 Rg8 24. Rxe6 Qd8 25. Re3 Qd6 26. Qf3 Rge8 27. Qxd5+ Qxd5 28. Nxd5 Rad8 29. Nc3 Bc4 30. Rae1 Rxe3 31. fxe3 b5 32. Rd1 f5 33. Kf2 Rb8 34. Rd2 Bb3 35. e4 fxe4 36. Nxe4 b4 37. axb4 Rxb4 38. Ke3 Ke6 39. Nc3 Rc4 40. d5+ Ke5 41. d6 Rc8 42. d7 Rd8 43. Ne4 Bd5 44. Nc5 g5 45. Nxa4 1-0